| 000 | 00727nam a2200301Ia 4500 | ||
|---|---|---|---|
| 008 | 170711s9999 xx 000 0 und d | ||
| 020 | _a9780887847332 | ||
| 050 | _a361.26 | ||
| 050 | _bL673 2005 | ||
| 100 | _aLewis, Stephen | ||
| 245 | _aRace against time / | ||
| 245 | _cby Stephen Lewis. | ||
| 260 | _aCanada : | ||
| 260 | _bAnansi, | ||
| 260 | _c2005 | ||
| 300 | _axvi, 198 pages : | ||
| 300 | _billustration ; | ||
| 300 | _c20cm. | ||
| 440 | _aMassey lectures series. | ||
| 500 | _aIncludes glossary. | ||
| 650 | _aHuman rights -- | ||
| 650 | _aMillennium Development Goals. | ||
| 650 | _aPoverty. | ||
| 650 | _aUnited Nations. | ||
| 650 | _xAfrica. | ||
| 700 | _aSeries. | ||
| 700 | _aTitle. | ||
| 999 |
_c339949 _d339949 |
||